Normal view
MARC view
Entry Topical Term
001 - CONTROL NUMBER
- control field: 13601
003 - CONTROL NUMBER IDENTIFIER
- control field: BD-RjUL
005 - DATE AND TIME OF LATEST TRANSACTION
- control field: 20240925144138.0
008 - FIXED-LENGTH DATA ELEMENTS
- fixed length control field: 240925|| aca||aabn | a|a d
040 ## - CATALOGING SOURCE
- Original cataloging agency: BD-RjUL
- Transcribing agency: BD-RjUL
150 ## - HEADING--TOPICAL TERM
- Topical term or geographic name entry element: Agriculture
- General subdivision: Economic aspects
- General subdivision: Colonies.
- Geographic subdivision: Great Britain |
670 ## - SOURCE DATA FOUND
- Source citation: Work cat.: (BD-RjUL)84038: Leubuscher, Charlotte 13600, The Processing of Colonial Raw Materials :, 1951